01459nam a22002177a 45000010005000000030006000050050017000110080041000280200018000690400029000870500008001160820011001241000021001352450043001562500046001992600039002453000043002844900031003275200846003587000037012046137FISKH20250318114019.0250318b cb ||||| |||| 00| 0 eng d a9781408344842 aFISKHbengcFISKHdFISKH aPZ7 a823.92 aMeres, Jonathan  aMay be recycled / cBy Jonathan Meres  aFirst published in Great Briatain in 2016 aLondon : bOrchard Books ; c2016. a248 pages : billustrations ;c20 cm . aThe world of NormvBook 11 aThe eleventh hilarious title in the award-winning, laugh-out-loud series, The World of Norm. Perfect for fans of Tom Gates and Diary of a Wimpy Kid. Norm knew it was going to be one of those days when he woke up and nothing happened ... Home alone and the fridge to himself? What could possibly go wrong? Well, apart from the snails. And having to hang his mum's pants out to dry. And the dreaded perfect cousins paying a visit. And worst of all, the entire family going vege-flipping-tarian! But apart from that, what could possibly go wrong? You'd think Norm would know better by now, wouldn't you? ABSO-FLIPPING-LUTELY! With brilliantly funny illustrations throughout from Donough O'Malley. Praise for Jonathan Meres: 'Hilarious stuff from one of my comic heroes!' - Harry Hill 'Jonathan Meres is flipping funny!' - Eddie Izzard show less aO'Malley, Donough eillustrator